|
|
|
|
| LEADER |
00000nab#a22000007a#4500 |
| 001 |
arbauad000914 |
| 003 |
AR-BaUAD |
| 005 |
20250711110417.0 |
| 008 |
930625|||||||||###||||||b###|0###a|spa|| |
| 040 |
|
|
|a AR-BaUAD
|c AR-BaUAD
|b spa
|
| 100 |
|
|
|a Baroni, Daniele
|
| 245 |
|
|
|a Los muebles del confort :
|b formas, funciones, atributos, significados /
|c Daniele Baroni;
|
| 300 |
0 |
|
|b il., fot.
|
| 653 |
|
|
|a DISEÑO INDUSTRIAL
|
| 653 |
|
|
|a MUEBLES
|
| 653 |
|
|
|a MORFOLOGIA
|
| 653 |
|
|
|a HISTORIA
|
| 653 |
|
|
|a SILLONES
|
| 773 |
0 |
|
|t SUMMA
|g no. 217 [sep. 1985], p. 62-67
|
| 942 |
|
|
|c ARTI
|
| 952 |
|
|
|0 0
|1 0
|4 0
|7 0
|9 45834
|a AR-BAuAD
|b AR-BAuAD
|d 2025-07-11
|l 0
|p AAQA000914
|r 2025-07-11 11:04:17
|w 2025-07-11
|y ARTI
|
| 990 |
|
|
|a DI198
|b TD
|
| 998 |
|
|
|a AAQ
|b BIBUN76
|
| 999 |
|
|
|c 25507
|d 25507
|